000
00251nam a2200097Ia 4500
008
190216s9999||||xx |||||||||||||| ||und||
100
_a
Komukutty Moulavi K C
245
0
_a
Karbalayile Rektha Bindukkal
260
_b
Islamic Publishing House
942
_c
BK
999
_c
21977
_d
21977